000 00637nam a22002291 4500
001 sa 68002064
003 DLC
005 20260227112439.0
008 710903s1966 pk bj 00010 eng
010 _asa 68002064
025 _aPL480:EP-E-397
043 _aff-----
_aaw-----
050 0 _aDS234
_b.A39 1966
082 _a956
100 1 0 _aAli, Kausar,
_d1924-
245 1 2 _aA study of Islamic history,
_cby K. Ali.
250 _a10th ed., rev. and enl.
260 0 _aDacca,
_bAli Publications,
_c1966.
300 _aiv, viii, 417, ix p.
_bgeneal. tables, maps.
_c19 cm.
350 _aRs6.50
651 0 _aIslamic Empire
_xHistory.
999 _c78427
_d78427